| 000 | 00943nam a22003370a 4500 | ||
|---|---|---|---|
| 001 | PT55704 | ||
| 003 | AR-LpoUNG | ||
| 005 | 20210131231724.0 | ||
| 008 | 191001s2012||||ag |||||||||||||||||spa d | ||
| 040 |
_aAR-LpoUNG _bspa _cAR-LpoUNG _eaacr |
||
| 041 | _aspa | ||
| 044 | _aag | ||
| 082 | 0 | _a982 29ban | |
| 100 | 1 | _aEggers, Margarita | |
| 245 | 1 | 3 |
_aLa bandera de todos : _b200 años con ella |
| 250 | _a1ra. ed. | ||
| 260 |
_aBuenos Aires : _bMinisterio de Educación, _c[2012]. |
||
| 300 |
_a9 p. : _bil. |
||
| 650 | 4 | _aARGENTINA | |
| 650 | 4 | _aASPECTOS POLITICOS | |
| 650 | 4 | _aDEMOCRACIA | |
| 650 | 4 | _aDICTADURA | |
| 650 | 4 | _aHISTORIA | |
| 651 | 4 | _aArgentina | |
| 653 | _aESCUELA SECUNDARIA | ||
| 700 | 1 |
_aPazos, Silvia _erev. |
|
| 700 | 1 | _aRedondo, Adriana | |
| 710 | 2 | _aArgentina. Ministerio de Educación. Subsecretaría de Equidad y Calidad Educativa. Plan Nacional de Lectura | |
| 905 | _a55704 | ||
| 942 | _cLIB | ||
| 999 |
_c11582 _d11582 |
||